[Event "Graz Open 2018"]
[Site "Graz"]
[Date "2018.02.21"]
[Round "6"]
[White "Schnider, Gert"]
[Black "Horvath, Dominik"]
[Result "1-0"]
[WhiteElo "2430"]
[BlackElo "2369"]
[Annotator "TA"]
[PlyCount "125"]
[EventDate "2018.??.??"]
[EventType "swiss"]
[EventCountry "AUT"]
[SourceTitle "playchess.com"]
[Source "ChessBase"]
[SourceQuality "1"]

{[%evp 9,125,3,30,31,31,23,46,28,12,22,22,-45,25,40,77,85,85,84,78,69,93,72,85,85,75,62,139,132,129,137,147,144,130,125,131,122,185,184,226,234,216,152,260,190,185,136,141,85,98,85,1067,1000,1000,153,810,153,153,153,153,153,153,153,153,153,149,151,153,149,143,139,131,91,308,282,276,264,9874,10332,2634,2114,29950,29939,12850,12851,12847,12848,29945,29945,29943,29941,12844,29941,29939,29939,10503,10533,29947,29940,29965,29968,4906,29969,29968,29960,29960,29961,12850,9666,9298,8352,29975,29976,29978,29979,29980,29981,29981,29982]} 1. b3 e5 2. Bb2 Nc6 3. e3 Nf6 4. Nf3 e4 5. Nd4 d5 6. Nxc6 {A01: Nimzowitsch-Larsen Opening} bxc6 7. c4 (7. Be2 Bd6 8. O-O h5 9. h3 Ng4 10. g3 Ne5 11. Kg2 Qd7 12. Rh1 h4 13. g4 f5 14. Bxe5 Bxe5 {0-1 (28) Chirila,I (2557)-Holt,C (2578) chess.com INT 2018}) 7... Bd6 8. cxd5 {White is slightly better.} cxd5 9. Bb5+ Kf8 10. f4 $146 (10. Bc6 $11 Rb8 11. Nc3) ({Predecessor:} 10. Qc2 c5 11. Nc3 Bb7 12. Ne2 a6 13. Ba4 Rc8 {0-1 (30) Welling,G (2316)-Biro,S (2168) Acqui Terme 2017}) 10... exf3 (10... Rb8 $15 11. Be2 Bd7) 11. Qxf3 $11 Bg4 12. Bxf6 $1 Qxf6 13. Qxf6 gxf6 14. Nc3 Rd8 15. Nxd5 Bxh2 16. Rxh2 ({Much weaker is} 16. Nxf6 $6 Bg3+ 17. Kf1 Be5 $11) 16... Rxd5 17. Be2 Be6 ({Better is} 17... Bxe2 $14 18. Kxe2 Kg7) 18. Rc1 $16 Ra5 19. Rxc7 Rxa2 20. Bc4 Bxc4 21. bxc4 {[%mdl 4096] Endgame KRR-KRR} Kg7 22. Rh4 $1 Rf8 (22... f5 $16 23. Rd4 a5) 23. Rg4+ $18 Kh8 24. c5 a5 25. Rc4 Rg8 (25... a4 $16 {was necessary.} 26. Ra7 a3) 26. g4 f5 {[%cal Bf6f5,Bf5g4,Bg4g3][%mdl 32]} 27. Rxf7 {Strongly threatening c6.} ({And not} 27. gxf5 Rg2 $11) 27... fxg4 28. c6 (28. Ke2 $142 $1 g3 29. Rh4) 28... g3 $16 {And now ...g2 would win.} 29. Rh4 {[%csl Gf7][%cal Rh4h7]} Rg7 $2 {[%mdl 8192]} (29... Rg6 $16 30. c7 (30. Rhxh7+ $2 Kg8 $19) 30... Rc2 31. Rfxh7+ Kg8 32. Rh8+ Kg7 33. R4h7+ Kf6 34. Rf8+ Ke5 35. Re8+ Kf6) 30. Rf8+ $18 Rg8 31. Rxg8+ Kxg8 {KR-KR} 32. Rg4+ $2 (32. Kd1 $1 $18 {is the precise move to win. Threatening mate with c7.} Kf7 33. c7) 32... Kf7 33. Rxg3 {Threatens to win with Kd1.} Rc2 34. Rg5 a4 35. Ra5 Rxc6 36. Rxa4 h5 {[#]} 37. Kf2 $1 Rc2 {[#]} 38. Rd4 $1 Kf6 39. Kf3 Rc1 40. Rd6+ Ke5 $2 (40... Kg5 $16) 41. Rh6 Rf1+ 42. Kg2 {Black must now prevent d4+.} Rd1 $2 (42... Rf5 43. d3 Rg5+ 44. Kh3 Kd5) 43. Rxh5+ Ke4 44. Rh4+ Ke5 45. Rd4 Ra1 46. Kf3 Rf1+ 47. Ke2 Ra1 48. Rd8 Rb1 49. d4+ Ke4 50. Re8+ Kd5 51. Re5+ Kd6 52. Kd3 Rb4 53. Ke4 Rb3 54. Rh5 Ra3 55. Rh6+ Ke7 56. Kf4 Rd3 57. Ra6 Kd7 58. Ke4 Rb3 59. d5 {[%cal Bd4d5,Bd5d6][%mdl 32]} Rb4+ 60. Ke5 {White mates.} Rh4 61. Ra7+ Kd8 62. e4 Rh6 63. d6 {Precision: White = 81%, Black = 34%.} 1-0

[Event "Graz Open 2018"]
[Site "Graz"]
[Date "2018.02.21"]
[Round "6"]
[White "Bao, Qilin"]
[Black "Bakalarz, Mietek"]
[Result "1/2-1/2"]
[WhiteElo "2426"]
[BlackElo "2276"]
[Annotator "TA RC"]
[PlyCount "146"]
[EventDate "2018.??.??"]
[EventType "swiss"]
[EventCountry "AUT"]
[SourceTitle "playchess.com"]
[Source "ChessBase"]
[SourceQuality "1"]

{[%evp 11,146,-23,-16,-16,-15,-20,-10,-43,-33,-43,-14,-18,-22,-13,-20,-58,-18,-15,-11,-34,0,0,0,-9,37,28,32,31,42,38,49,32,47,40,54,24,56,52,108,108,91,11,14,11,11,11,10,10,77,10,13,20,20,20,20,20,20,7,450,17,9,0,0,0,8,0,3,0,36,20,20,0,20,20,20,0,0,0,20,20,20,20,34,20,20,20,20,20,20,20,20,20,88,88,104,88,184,89,181,21,25,26,32,32,253,259,241,233,235,200,342,88,107,0,0,0,0,0,0,0,0,0,0,0,0,0,0,0,0,0,0,0,0,0,0,0,0]} 1. Nf3 d5 2. c4 d4 3. g3 Nc6 4. Bg2 e5 5. d3 Bb4+ 6. Bd2 a5 7. Na3 {A09: Réti Opening: 1 Nf3 d5 2 c4} (7. O-O Nf6 8. Na3 O-O 9. Nb5 h6 10. e3 Bxd2 11. Qxd2 dxe3 12. Qxe3 Re8 13. Rfe1 Nb4 14. Re2 Ng4 {0-1 (34) Tomashevsky,E (2731)-Gelfand,B (2743) Moscow 2016}) 7... Nf6 8. Nc2 Bxd2+ 9. Nxd2 O-O 10. O-O Nd7 $146 ({Predecessor:} 10... Bf5 11. f4 Qd7 12. fxe5 Ng4 13. Bxc6 bxc6 14. Nb3 Nxe5 15. Nbxd4 {½-½ (39) Hickl,J (2560)-Stojanovic,M (2509) Switzerland 2016}) 11. a3 a4 12. Nb4 Ne7 13. e4 dxe3 14. fxe3 Nc5 15. Ne4 Nxe4 (15... Nb3 {looks sharper.} 16. Rb1 c6 17. Qe2 Nf5 18. Rbd1 Nh6) 16. Bxe4 f5 17. Bg2 c5 18. Nd5 Be6 {[%cal Re7d5]} 19. Nc3 Qd7 20. Qc2 Rf6 21. Kh1 Rh6 22. Rad1 Kh8 23. Qf2 Rd8 24. e4 Rc8 (24... b6 $14) 25. exf5 $16 Bxf5 26. Nd5 (26. Qe3 $16) 26... Nxd5 $1 $11 27. Bxd5 ({Wrong is} 27. Qxf5 $2 Qxf5 28. Rxf5 Ne3 $19) 27... Rf6 {And now ...Bh3 would win.} 28. Qe3 Qd6 29. Rde1 $36 {[%mdl 2048] White has good play.} h6 (29... Re8 $11 {remains equal.}) 30. Kg1 ({Of course not} 30. Bxb7 Rb8 $11) ({White should try} 30. Qxe5 $16 Qxe5 31. Rxe5 Be4+ 32. Kg1 (32. Rxe4 Rxf1+ 33. Kg2 Rd1 $17) 32... Rxf1+ 33. Kxf1 Bxd3+ 34. Ke1) 30... Rcf8 31. Qxe5 Qxe5 32. Rxe5 Bxd3 33. Rxf6 Rxf6 {[%mdl 4096] Endgame KRB-KRB} 34. Re3 Rf1+ 35. Kg2 Rd1 36. Re8+ Kh7 37. Rd8 Kg6 38. Kf2 {Black must now prevent Be4+!} Kf6 39. Ke3 {Bf3 is the strong threat.} Bc2 (39... Bf5 $5 {[%cal Rd1d3]}) 40. Rd6+ Ke5 $1 {[%cal Re5d6]} 41. Re6+ Kf5 {Strongly threatening ...Re1+.} 42. Rb6 Rd3+ 43. Kf2 Rd2+ 44. Ke3 Rd3+ 45. Ke2 Rb3 46. Rxb7 Bd3+ 47. Ke3 (47. Kd2 {is more complex.} Rxb7 48. Bxb7 Bxc4 49. Kc3 Bb5 50. b4) 47... Rxb7 48. Bxb7 Bxc4 {KB-KB} 49. Bc6 Bb3 50. Bd7+ Ke5 51. Kd3 g5 (51... Bd1 $11) 52. Bb5 $16 Kd5 53. Kc3 Bd1 (53... Ke4 $16 {might work better.}) 54. Bc4+ (54. Kd2 $1 $18 {[%cal Rd2d1] is more deadly.} Bb3 55. Ke3) 54... Ke5 {[#]} (54... Kc6 $16) 55. Bf7 $2 (55. Kd2 $1 $18 {[%cal Rd2d1]} Bf3 56. Bb5) 55... Be2 56. Be8 Bd1 57. Kc4 Kd6 $2 (57... Ke4 $1 $14) 58. Kb5 $18 Ke7 59. Bg6 Kd6 60. Bf7 g4 (60... h5 $142 61. Ka5 Kd7) 61. Bc4 $2 (61. Be8 $18) 61... Ke5 $16 {[#]} 62. Kxc5 (62. Ka5 $1 $16) 62... Ke4 $1 $11 {The position is equal.} 63. Bf7 Kf3 64. Kd4 Kg2 65. Ke3 Kxh2 66. Kf4 Kh3 67. Be8 Bb3 68. Bh5 Bd1 69. Bg6 Bb3 70. Be8 Bd1 71. Bf7 Bc2 72. Be8 Bd1 73. Bh5 Be2 {Precision: White = 59%, Black = 54%.} 1/2-1/2

[Event "Graz Open 2018"]
[Site "Graz"]
[Date "2018.02.21"]
[Round "6"]
[White "Tomazini, Zan"]
[Black "Chylewski, Patryk"]
[Result "1-0"]
[WhiteElo "2416"]
[BlackElo "2261"]
[Annotator "TA"]
[PlyCount "159"]
[EventDate "2018.??.??"]
[EventType "swiss"]
[EventCountry "AUT"]
[SourceTitle "playchess.com"]
[Source "ChessBase"]
[SourceQuality "1"]

{[%evp 29,159,9,24,18,32,26,42,33,30,0,22,0,0,0,0,-19,0,-5,-8,-9,-7,-16,-16,-37,-3,-111,-70,-73,-45,-127,-99,-108,-124,-378,-206,-205,-188,-189,-185,-201,-70,-60,236,228,196,47,45,54,193,197,180,189,189,151,157,154,219,202,242,253,303,308,347,341,327,304,292,275,495,496,533,522,584,575,708,712,756,758,739,717,828,756,688,669,760,688,645,681,646,504,979,929,1674,1631,12833,12835,12834,12833,12833,12832,1765,568,1511,1395,1568,1391,1145,1060,6003,792,2124,619,821,697,12845,12845,12846,12847,12847,12847,12848,12846,12846,12847,12847,12847,12848,12848,12849,12849,12850,12851]} 1. e4 c5 2. c3 d5 3. exd5 Qxd5 4. d4 Nc6 5. Nf3 Bg4 6. Be2 cxd4 7. cxd4 e6 8. Nc3 Qa5 9. h3 Bh5 10. d5 exd5 11. Nd4 Bxe2 {B22: Sicilian: 2 c3} (11... Nxd4 12. Bxh5 Nc6 13. O-O Nf6 14. Bg5 Be7 15. Bxf6 Bxf6 16. Nxd5 Be5 17. Qb3 O-O 18. Qxb7 Qxd5 19. Bf3 Qd4 20. Qxc6 Rac8 21. Qd5 Qxd5 22. Bxd5 Bxb2 {½-½ (22) Najer,E (2641)-Lautier,J (2680) Khanty-Mansiysk 2005}) 12. Qxe2+ Be7 13. Nxc6 bxc6 14. O-O Kf8 15. Re1 Re8 {[#] LiveBook: 3 Games} 16. Bf4 $146 ({Predecessor:} 16. Bd2 Nf6 17. Qd3 h5 18. Rac1 h4 19. a3 {½-½ (44) Deviatkin,A (2574)-Novikov,S (2558) Moscow 2010}) 16... Nf6 17. Qf3 {[%mdl 1024] White has compensation.} Qd8 18. Rac1 h5 19. Re2 h4 20. Rce1 Rh5 21. Be5 Rh6 22. Bd4 Bd6 23. Rxe8+ Nxe8 24. Bxa7 Nc7 25. Bb6 Qb8 $40 {[%mdl 128] Black mounts an attack.} 26. Na4 Ne6 27. Rc1 (27. Qc3 $11) 27... Qa8 28. b3 Rg6 29. Be3 (29. Qc3 $15) 29... Qa6 30. Qh5 Kg8 31. Qxh4 $2 {[%mdl 8192] [#]} (31. Qf3 $17) 31... d4 $1 {[%mdl 512]} 32. Bxd4 $19 Nf4 {( -> ...Ne2+)} 33. Qd8+ Bf8 34. Rc4 {[%cal Bc1c4,Bc4a4,Ba4a8][%mdl 32] [#]} Rxg2+ (34... c5 $1 $19 35. Qxf8+ (35. Nxc5 $2 Rxg2+ 36. Kf1 Rh2 $19) 35... Kxf8 36. Bxc5+ Kg8 37. Rxf4 Qe2) 35. Kf1 $1 $15 {aiming for Qb8.} ({But not} 35. Kh1 $2 c5 $19) 35... c5 $2 {[%mdl 8192]} (35... Rh2 $15 {keeps the upper hand.} 36. Kg1 Rxh3) 36. Be3 $18 Ne6 37. Qd5 ({White must play} 37. Nxc5 $18 Qxc4+ 38. bxc4 Rxf2+ 39. Kxf2 Nxd8 40. a4) 37... Rg6 $1 $14 38. Nc3 Qa3 {[#]} ({Black should try} 38... Nc7 $14 39. Qd7 Ne6) 39. Ra4 $1 $18 {[%cal Ra4a3]} Qb2 40. Qd2 Qa1+ 41. Qc1 Qxc1+ 42. Bxc1 Rf6 (42... Nd4 $16 {was worth a try.} 43. Ra8 f5) 43. Be3 Rf5 44. Ra8 Kh7 45. a4 {[%cal Ba2a4,Ba4a5][%mdl 32]} Be7 46. a5 c4 47. bxc4 Bc5 {Hoping for ...Bxe3.} 48. Ke2 Bxe3 $2 (48... Nc7 {might work better.}) 49. fxe3 {[%mdl 4096] Endgame KRN-KRN. White is clearly winning.} ({Less strong is} 49. Kxe3 Re5+ 50. Kd3 Rf5 $18) 49... Rc5 50. Kd3 Rc6 51. Nd5 g5 52. Kc3 Nc5 53. Ra7 Ne4+ 54. Kd4 Nd6 55. Rc7 Ra6 56. Ke5 Kg6 57. Nb4 Nxc4+ 58. Rxc4 Rxa5+ {KRN-KR} 59. Ke4 f5+ (59... Ra4 $142 60. Ke5 f6+ 61. Kd4 Kh5) 60. Kf3 Kh5 61. Nc2 Re5 62. Rc8 Rd5 63. Rh8+ Kg6 64. Rg8+ Kf6 65. Ne1 Rd1 66. Ng2 Rf1+ 67. Kg3 Rh1 68. Ra8 Ke5 69. Ra5+ Kf6 70. Ra2 Rb1 71. h4 gxh4+ 72. Nxh4 Rb5 73. Nf3 Rb1 74. Ra6+ Kf7 75. Kf4 Rf1 76. Ra5 Kg6 77. Kg3 Kf6 78. Kg2 Rd1 79. Nd4 Kg6 80. Nxf5 {Precision: White = 53%, Black = 26%.} 1-0

[Event "Graz Open 2018"]
[Site "Graz"]
[Date "2018.02.21"]
[Round "6"]
[White "Almasi, Istvan"]
[Black "Paszewski, Mateusz"]
[Result "1/2-1/2"]
[WhiteElo "2407"]
[BlackElo "2289"]
[Annotator "TA"]
[PlyCount "40"]
[EventDate "2018.??.??"]
[EventType "swiss"]
[EventCountry "AUT"]
[SourceTitle "playchess.com"]
[Source "ChessBase"]
[SourceQuality "1"]

{[%evp 16,40,2,-16,13,12,10,18,17,2,27,34,37,26,54,-17,18,-22,-25,-14,0,-52,-43,-45,-47,-70,-33]} 1. c4 c6 2. Nf3 d5 3. e3 Nf6 4. Nc3 e6 5. b3 Bd6 6. Be2 {A11: English Opening: 1...c6} (6. Bb2 O-O 7. d4 Nbd7 8. Bd3 e5 9. cxd5 cxd5 10. dxe5 Nxe5 11. h3 Qe7 12. O-O Nxf3+ 13. Qxf3 Qe5 14. Rfd1 Be6 15. Rab1 Rac8 16. Nb5 Qh2+ 17. Kf1 Be5 {1-0 (29) Khismatullin,D (2632)-Saric,I (2669) Riadh 2017}) 6... O-O 7. O-O Nbd7 8. Bb2 b6 9. cxd5 {LiveBook: 3 Games} cxd5 10. Nb5 Be7 11. Rc1 Bb7 12. Nfd4 $146 ({Predecessor:} 12. a3 a6 13. Nbd4 Rc8 14. Rxc8 Qxc8 15. Qb1 Qb8 {½-½ (52) Medvegy,Z (2555)-Berczes,D (2530) Budapest 2012}) 12... Ne8 13. Nc6 Bxc6 $1 14. Rxc6 Bc5 15. Bd4 (15. d4 $14 Nb8 16. Rxc5 (16. dxc5 Nxc6 17. Ba3 bxc5 $11) 16... bxc5 17. dxc5) 15... e5 16. Bxc5 Nxc5 17. Nc3 d4 18. exd4 (18. b4 $1 $11) 18... Qxd4 $15 {Black is slightly better.} 19. Bc4 Rd8 20. Qh5 Nf6 {Precision: White = 31%, Black = 47%.} 1/2-1/2

[Event "Graz Open 2018"]
[Site "Graz"]
[Date "2018.02.21"]
[Round "6"]
[White "Viani Antonio Dcunha"]
[Black "Jones, Steven A"]
[Result "1/2-1/2"]
[WhiteElo "2402"]
[BlackElo "2219"]
[Annotator "TA"]
[PlyCount "127"]
[EventDate "2018.??.??"]
[EventType "swiss"]
[EventCountry "AUT"]
[SourceTitle "playchess.com"]
[Source "ChessBase"]
[SourceQuality "1"]

{[%evp 22,127,0,0,14,-15,-7,-48,-47,-50,-41,-58,-62,-70,-78,-80,-84,-232,-213,-233,0,0,0,0,0,0,0,0,0,0,0,-2,19,0,0,0,0,0,0,0,23,14,59,45,47,51,54,35,44,17,52,0,0,0,0,0,0,0,0,0,0,0,0,0,0,0,0,0,0,0,0,0,0,0,0,0,0,0,0,0,0,0,0,0,0,0,0,0,0,0,0,0,0,0,0,0,0,0,0,0,0,0,0,0,0,0,0,0]} 1. e4 c5 2. Nf3 Nc6 3. c3 Nf6 4. e5 Nd5 5. d4 cxd4 6. Bc4 e6 7. cxd4 d6 8. O-O Be7 9. exd6 Qxd6 10. Nc3 O-O {B22: Sicilian: 2 c3} 11. Re1 Rd8 12. Bb3 {LiveBook: 53 Games} (12. a3 a6 13. Be3 Nxe3 14. fxe3 b6 15. Rc1 Bb7 16. Ba2 Rac8 17. Ne4 Qd7 18. Nfg5 Bxg5 19. Nxg5 {½-½ (34) Jones,G (2640)-Svidler,P (2768) Wijk aan Zee 2018}) 12... b6 13. Ne4 $146 ({Predecessor:} 13. Nxd5 exd5 14. Ne5 Nxe5 15. Bf4 Be6 16. Bxe5 Qd7 17. Qd3 a5 18. Bc2 {½-½ (65) Godena,M (2487)-Jakovenko,D (2553) Saint Vincent 2002}) 13... Qd7 14. Ba4 Bb7 15. Neg5 {[#] aiming for Ne5.} Qd6 16. Bc2 Nf6 {[%cal Rc6d4]} 17. Nxf7 Kxf7 18. Ng5+ Kg8 19. Rxe6 (19. Nxe6 $17 {was the only defense.} Rdc8 20. Bf4) 19... Qxd4 $19 20. Qe2 {[#]} Qg4 $2 (20... Ba6 $1 $19 {[%mdl 512]} 21. Qxa6 Nb4) 21. Bb3 $36 {[%mdl 2048] White has the initiative.} Qxe2 22. Rxe7+ Nd5 23. Rxe2 {Black must now prevent Ne6.} Nd4 24. Re5 Nxb3 25. axb3 Nb4 {( -> ...Rd1+)} 26. Be3 h6 27. Ne4 Nc2 28. Rc1 Nxe3 29. fxe3 Rac8 30. Rxc8 Rxc8 {[%mdl 4096] Endgame KRB-KRN} 31. Nc3 Rd8 32. Re7 Bc6 33. Rc7 Rd6 34. b4 a6 35. e4 {With the idea Kf2.} Re6 36. Nd5 ({White should play} 36. Ra7 $14) 36... Bxd5 {The position is equal.} 37. exd5 {KR-KR} Rd6 38. Rc6 Rxd5 39. Rxb6 Rd1+ 40. Kf2 Rd2+ 41. Kf3 Rxb2 42. h4 h5 43. g3 Rb3+ 44. Kf4 Kh7 45. g4 hxg4 46. Kxg4 g6 47. Kf4 Kh6 48. Ke5 Rh3 49. Rxa6 Rxh4 50. Rb6 Rh1 51. b5 (51. Kd4 {looks sharper.} Kh5 52. b5 Re1 53. Rb8 Rd1+ 54. Kc5) 51... Rb1 52. Kf6 Rf1+ 53. Ke7 Rb1 54. Kf7 Kh5 55. Kf6 Rf1+ 56. Ke5 Rb1 57. Rb8 Kg4 58. Kf6 g5 59. Kg6 Rb2 60. b6 Rb5 61. Rb7 Kg3 62. Kf6 g4 63. Ke6 Kg2 64. Kd6 {Precision: White = 64%, Black = 84%.} 1/2-1/2

[Event "Graz Open 2018"]
[Site "Graz"]
[Date "2018.02.21"]
[Round "6"]
[White "Baenziger, Fabian"]
[Black "Gazik, Viktor"]
[Result "0-1"]
[WhiteElo "2373"]
[BlackElo "2473"]
[Annotator "TA"]
[PlyCount "108"]
[EventDate "2018.??.??"]
[EventType "swiss"]
[EventCountry "AUT"]
[SourceTitle "playchess.com"]
[Source "ChessBase"]
[SourceQuality "1"]

{[%evp 16,108,61,64,70,33,44,25,22,36,20,11,35,14,6,19,19,15,14,21,28,23,45,32,32,31,56,41,66,20,27,13,13,8,20,18,53,0,6,40,75,78,177,173,157,65,43,0,0,0,0,0,0,-9,45,0,0,0,0,-156,-160,-393,-388,-2207,-1863,-1478,-1289,-2152,-1894,-1457,-249,-240,-234,-212,-187,-187,-187,-197,-192,-229,-226,-238,-214,-218,-226,-242,-193,-548,-545,-532,-508,-553,-552,-499,-451]} 1. d4 g6 2. Nf3 Bg7 3. c4 f5 4. g3 Nf6 5. Bg2 O-O 6. O-O d6 7. Nc3 Qe8 8. b3 a5 {A87: Dutch Defence: Leningrad System: 5 Nf3} 9. Bb2 {LiveBook: 9 Games} c6 10. Qc2 Na6 {White is slightly better.} 11. Rad1 e5 $146 ({Predecessor:} 11... h6 12. a3 g5 13. Na4 Nd7 14. d5 cxd5 15. Bxg7 Kxg7 16. cxd5 b5 17. Nb2 {1-0 (38) Shimanov,A (2549)-Cori Tello,D (2415) Moscow 2012}) 12. dxe5 dxe5 13. e4 f4 14. Na4 Bg4 15. h3 Nb4 16. Qb1 Bxf3 $1 17. Bxf3 fxg3 18. fxg3 Qe7 19. Kg2 Nd7 20. Bc1 h5 21. Be3 Rad8 22. h4 Kh7 23. Qb2 Bh6 24. Bg1 Na6 25. Qc3 Qa3 26. g4 {[%cal Bg3g4,Bg4g5][%mdl 32]} Bf4 27. c5 Nf6 28. g5 $1 {[%cal Rg5f6]} Ng4 (28... Rxd1 $16 29. Rxd1 Ng4) 29. Bxg4 $18 hxg4 {[#]} 30. Qb2 (30. Rxd8 $1 $16 Rxd8 31. Qc4) 30... Qb4 31. Qe2 (31. Qc2 $5 {[%cal Ra4b6]}) 31... Nc7 $40 {[%mdl 128] Black mounts an attack.} 32. Bf2 Ne6 33. Be1 $1 {[%cal Re1b4]} Qb5 34. Qxg4 {Hoping for Nc3.} Nxc5 (34... Rxd1 $11 35. Qxd1 Rd8) 35. Rxd8 Rxd8 36. h5 Nxe4 (36... Nxa4 37. hxg6+ Kxg6 38. Qe6+ Kg7 39. Qf6+ Kg8 40. Qxd8+ Kf7 {[#]} 41. g6+ $1 {[%mdl 512]} Kg7 42. Qd7+ Kxg6 43. Qf5+ Kg7 44. Rh1 $18) 37. hxg6+ $2 (37. Qe6 $1 $11 Rd2+ 38. Rf2 Rxf2+ 39. Bxf2 Nxg5 40. Qxg6+ Kh8 41. Nc3) 37... Kg7 $17 38. Rh1 $2 (38. Qe6 $17 Rd2+ 39. Rf2) 38... Nxg5 $19 39. Qh5 $2 (39. Rh7+ Nxh7 40. gxh7+ Kh8 41. Nc3) 39... Qd5+ 40. Kf1 Qd3+ 41. Kg2 Qe4+ 42. Kf1 Qxg6 $2 (42... Qf5 {( -> ...Be3+)} 43. Qh6+ Kf6 44. g7+ Ke7 45. g8=N+ Rxg8) 43. Qxg6+ Kxg6 44. Bxa5 Ra8 45. Bb6 Ne4 {And now ...Ng3+ would win.} 46. Rg1+ Kf6 47. Ke2 Rh8 48. Rg2 Rh1 49. Kd3 Kf5 50. Rg7 Nd6 {Threatens to win with ...Rh2.} 51. Nc3 $2 (51. Bg1) 51... e4+ {Black is clearly winning.} 52. Nxe4 Rh3+ 53. Ke2 Kxe4 54. Re7+ Be5 {Precision: White = 48%, Black = 54%.} 0-1

[Event "Graz Open 2018"]
[Site "Graz"]
[Date "2018.02.21"]
[Round "6"]
[White "Huber, Martin Christian"]
[Black "Istratescu, Andrei"]
[Result "1/2-1/2"]
[WhiteElo "2364"]
[BlackElo "2595"]
[Annotator "TA"]
[PlyCount "148"]
[EventDate "2018.??.??"]
[EventType "swiss"]
[EventCountry "AUT"]
[SourceTitle "playchess.com"]
[Source "ChessBase"]
[SourceQuality "1"]

{[%evp 28,148,65,62,59,37,35,0,0,0,22,10,8,0,7,-19,-18,-18,-18,-29,-20,-64,11,-9,-5,-12,-12,-12,-10,-11,22,24,13,0,0,0,0,0,0,0,10,8,10,0,0,-14,7,0,3,0,22,-1,0,0,-1,-8,-11,-8,-5,-7,0,0,0,0,0,0,0,0,0,0,0,0,0,0,0,0,0,-54,0,0,0,0,0,0,0,-81,0,0,0,0,0,0,0,0,0,-8,-8,-8,0,0,0,0,0,0,0,-8,0,0,0,0,0,0,0,0,0,0,0,0,0,0,0,0,0]} 1. d4 e6 2. c4 Nf6 3. Nf3 Bb4+ 4. Nbd2 O-O 5. a3 Be7 6. e4 d6 7. Be2 Nbd7 8. Qc2 e5 9. Nb1 c6 10. Nc3 a6 11. O-O b5 12. Rd1 Qc7 13. Bg5 {A55: Old Indian Defence with Nf3 and e4} h6 14. Bh4 Bb7 15. Rac1 {[%cal Rc4b5] LiveBook: 4 Games. White is slightly better.} Rfe8 {[#]} 16. Qb1 $146 ({Predecessor:} 16. b4 exd4 17. Nxd4 Bf8 18. cxb5 cxb5 19. f3 Rac8 20. Qd2 Qb8 {1-0 (48) Khalifman,A (2617)-Brodsky,M (2556) Voronezh 2014}) 16... Qb8 17. d5 cxd5 18. cxd5 Bd8 19. b4 Nb6 20. Qb3 Bc8 21. h3 Bd7 22. Rc2 Nh5 23. Bxd8 Qxd8 24. Nb1 Nf6 (24... Nf4 $15) 25. Nbd2 Rc8 26. Rdc1 Rxc2 27. Qxc2 Qb8 28. Qc7 Na8 29. Qxb8 Rxb8 30. Bd3 Rc8 31. Rxc8+ Bxc8 32. Nf1 Nb6 33. Ne3 g6 34. Nd2 Kf8 35. Kh2 Ng8 36. Kg3 Nf6 37. Kh2 Ke7 38. g3 Nh5 39. Kg2 Ng7 40. h4 f5 41. Kf3 fxe4+ 42. Bxe4 Nf5 43. Ke2 Nxe3 44. fxe3 $11 {[%mdl 4096] Endgame KBN-KBN} Bg4+ 45. Kf2 Kf6 46. Bg2 Bd1 47. e4 g5 48. hxg5+ Kxg5 49. Bh3 Bg4 50. Bf1 h5 51. Ke3 Na4 52. Nb1 (52. Nf3+ $11 Kh6 53. Nh2) 52... Bd1 (52... h4 $1 $15 53. gxh4+ Kxh4) 53. Bh3 Nb6 54. Nd2 Bg4 55. Bf1 Na4 ({Black should try} 55... Bd1 $11) 56. Nb1 $17 {[#]} Bc8 (56... h4 $1 $17 {[%cal Rh4g3]} 57. gxh4+ Kxh4) 57. Be2 $11 {The position is equal.} Bd7 58. Bf1 Nb2 59. Nc3 Bc8 60. Be2 Bh3 61. Kf2 Bg4 62. Bf1 $1 Nd1+ 63. Nxd1 Bxd1 {KB-KB} 64. Bh3 Bg4 65. Bf1 h4 66. gxh4+ Kxh4 67. Ke3 Kg3 68. Bd3 Kg2 69. Bc2 Kf1 70. a4 Bd7 71. axb5 axb5 72. Bd3+ Ke1 {[#] Strongly threatening ...Kd1.} 73. Be2 Be8 74. Bg4 Kf1 $1 {Precision: White = 73%, Black = 68%.} 1/2-1/2

[Event "Graz Open 2018"]
[Site "Graz"]
[Date "2018.02.21"]
[Round "6"]
[White "Nalbant, Tuna Onat"]
[Black "Nevednichy, Vladislav"]
[Result "1/2-1/2"]
[WhiteElo "2119"]
[BlackElo "2551"]
[Annotator "TA"]
[PlyCount "76"]
[EventDate "2018.??.??"]
[EventType "swiss"]
[EventCountry "AUT"]
[SourceTitle "playchess.com"]
[Source "ChessBase"]
[SourceQuality "1"]

{[%evp 16,76,35,25,34,19,39,23,60,46,41,12,12,0,0,0,29,24,24,13,30,0,0,11,0,-117,-166,-178,-13,-22,-23,-33,0,0,0,0,13,-18,-12,-11,14,0,0,0,0,11,6,0,0,0,0,0,0,0,0,0,0,0,0,0,0,0,0]} 1. e4 c5 2. Nf3 e6 3. d4 cxd4 4. Nxd4 a6 5. Bd3 Bc5 6. Nb3 Ba7 7. Qg4 Nf6 8. Qg3 d6 {B42: Sicilian: Kan Variation: 5 Bd3} 9. O-O {LiveBook: 27 Games} O-O 10. Bg5 (10. Nc3 {keeps more tension.} e5 11. Bh6 Ng4 12. Bd2 Be6 13. Be2) 10... Nc6 11. Kh1 Nh5 12. Qh4 f6 $1 13. Bd2 g6 {[#]} 14. Bh6 $146 ({Predecessor:} 14. Nc3 b5 15. Bh6 Ng7 16. f4 {½-½ (101) Nakamura,H (2640)-Kamsky,G (2692) playchess.com INT 2006}) 14... Ng7 15. f4 f5 16. Bg5 Qc7 17. N1d2 {[%cal Bb1d2,Bd2f3,Bf3d4][%mdl 32]} b5 18. Rae1 Bb7 19. c3 Rae8 20. e5 (20. a3 $11) 20... dxe5 $17 21. fxe5 Rf7 $2 {[#]} (21... Nxe5 $19 22. Qg3 {[#]} f4 $1 {[%mdl 512]} 23. Rxf4 Nf7 24. Rxf7 Qxf7) 22. Nf3 $11 Rd7 23. Bb1 a5 24. Be3 {The position is equal.} Bxe3 25. Rxe3 Qb6 26. Nbd4 Nxd4 27. Nxd4 Bd5 28. Rh3 Nh5 29. Bd3 Bc4 30. Bxc4 bxc4 31. b3 Qc5 32. Qg5 Rg7 33. Re1 Qd5 34. Qe3 (34. Rf3 {seems wilder.} Rd7 35. Qe3 Rc8 36. Rf2 Qc5 37. Rf3) 34... Rc7 35. Qf3 Qc5 36. Qe3 Qd5 37. Qf3 Qc5 38. Qe3 Qd5 {Precision: White = 36%, Black = 54%.} 1/2-1/2